Thea Stilton and the Legend of the Fire Flowers / (Record no. 1499)
[ view plain ]
| 000 -LEADER | |
|---|---|
| fixed length control field | 01573cam a22003497i 4500 |
| 005 - DATE AND TIME OF LATEST TRANSACTION | |
| control field | 20250710114851.0 |
| 020 ## - INTERNATIONAL STANDARD BOOK NUMBER | |
| International Standard Book Number | 9780545481885 |
| 020 ## - INTERNATIONAL STANDARD BOOK NUMBER | |
| International Standard Book Number | 0545481880 |
| 040 ## - CATALOGING SOURCE | |
| Original cataloging agency | YDXCP |
| Language of cataloging | eng |
| Transcribing agency | YDXCP |
| Description conventions | rda |
| Modifying agency | BTCTA |
| -- | OCLCQ |
| -- | M$K |
| -- | MLY |
| -- | OCLCO |
| -- | CXP |
| -- | NYP |
| -- | OCLCQ |
| -- | OCLCF |
| -- | OCLCA |
| -- | AUMCS |
| -- | DLC |
| 050 00 - LIBRARY OF CONGRESS CALL NUMBER | |
| Classification number | PZ7 |
| Item number | .T3385 2013 |
| 082 04 - DEWEY DECIMAL CLASSIFICATION NUMBER | |
| Classification number | [Fic] |
| 100 ## - MAIN ENTRY--PERSONAL NAME | |
| Personal name | Dami, Elisabetta |
| 245 10 - TITLE STATEMENT | |
| Title | Thea Stilton and the Legend of the Fire Flowers / |
| Statement of responsibility, etc. | text by Thea Stilton ; illustrations by Sabrina Ariganello [and seven others] ; translated by Emily Clement. |
| 246 1# - VARYING FORM OF TITLE | |
| Display text | At head of title: |
| Title proper/short title | Geronimo Stilton |
| 250 ## - EDITION STATEMENT | |
| Edition statement | First printing, June 2013 |
| 260 ## - PUBLICATION, DISTRIBUTION, ETC. | |
| Place of publication, distribution, etc. | New York : |
| Name of publisher, distributor, etc. | Scholastic, |
| Date of publication, distribution, etc. | 2011 |
| 300 ## - PHYSICAL DESCRIPTION | |
| Extent | 157 pages : |
| Other physical details | color illustratons ; |
| Dimensions | 20 cm |
| 500 ## - GENERAL NOTE | |
| General note | Original title: La leggenda dei fiori di fuoco. |
| 500 ## - GENERAL NOTE | |
| General note | "Appeals to 2nd-4th graders"--Page 4 of cover. |
| 505 ## - FORMATTED CONTENTS NOTE | |
| Formatted contents note | M |
| 520 ## - SUMMARY, ETC. | |
| Summary, etc. | The Thea Sisters are in Hawaii to compete in an international hula festival. The mouselets are having a great time -- until they learn that the festival is located on the side of a volcano that is about to erupt! No one else seems know about the danger. The Thea Sisters don't have any time to lose. |
| 521 0# - TARGET AUDIENCE NOTE | |
| Target audience note | 710 |
| Source | Lexile |
| 521 0# - TARGET AUDIENCE NOTE | |
| Target audience note | M <br/> |
| Source | Raz-Plus |
| 650 #0 - SUBJECT ADDED ENTRY--TOPICAL TERM | |
| Topical term or geographic name entry element | Stilton, Thea |
| Form subdivision | Juvenile fiction. |
| 650 #0 - SUBJECT ADDED ENTRY--TOPICAL TERM | |
| Topical term or geographic name entry element | Mice |
| Form subdivision | Juvenile fiction. |
| 650 #0 - SUBJECT ADDED ENTRY--TOPICAL TERM | |
| Topical term or geographic name entry element | Hula (Dance) |
| Form subdivision | Fiction. |
| 700 1# - ADDED ENTRY--PERSONAL NAME | |
| Personal name | Ariganello, Sabrina, |
| Relator term | illustrator. |
| 700 1# - ADDED ENTRY--PERSONAL NAME | |
| Personal name | Clement, Emily |
| Titles and other words associated with a name | (Translator), |
| Relator term | translator. |
| 906 ## - LOCAL DATA ELEMENT F, LDF (RLIN) | |
| a | 7 |
| b | cbc |
| c | copycat |
| d | 2 |
| e | ncip |
| f | 20 |
| g | y-gencatlg |
| 942 ## - ADDED ENTRY ELEMENTS (KOHA) | |
| Source of classification or shelving scheme | Dewey Decimal Classification |
| Koha item type | Books |
| Suppress in OPAC | No |
| 999 ## - | |
| -- | 1499 |
| -- | 1499 |
| Withdrawn status | Lost status | Source of classification or shelving scheme | Damaged status | Not for loan | Collection | Home library | Current library | Shelving location | Date acquired | Total Checkouts | Full call number | Barcode | Date due | Date last seen | Date last checked out | Price effective from | Koha item type | Copy number |
|---|---|---|---|---|---|---|---|---|---|---|---|---|---|---|---|---|---|---|
| Dewey Decimal Classification | Juvenile Fiction | Footprints International School Library Network Toul Kork Campus | Footprints International School Library Network Toul Kork Campus | TK Primary Library Room(4th Floor), Bookcase 3&4, Shelves 17-32, Yellow Books | 08/30/2023 | 4 | DAM Fic PZ7.T3385 | FISTK04635 | 11/25/2025 | 11/11/2025 | 11/11/2025 | 08/30/2023 | Books | |||||
| Dewey Decimal Classification | Juvenile Fiction | Footprints International School Library Network Toul Tom Poung Campus | Footprints International School Library Network Toul Tom Poung Campus | TTP Primary Yellow Bookshelves | 07/10/2025 | 2 | DAM Fic PZ7.T3385 | FISBK00897 | 04/22/2026 | 04/08/2026 | 04/08/2026 | 07/10/2025 | Books | 2 |
